000 00819nam0a22002651 4500
001 rc\537704
005 20250621123330.0
035 _a(NLR Aleph) 005775128
090 _a5070479
_c5070479
100 _a20030616d1987 |||y0rusy50 ca
101 0 _arus
102 _aRU
105 _ay |||||||||
200 1 _aТекстильное производство
_eРус.-латыш. словарь-минимум произв. терминов
_f[Сост. Б. Орлова, А. Озолиня]
210 _aRiga
_cZvaigzne
_d1987
215 _a37, [2] с.
_d17
300 _aЗагл. также: латыш.
702 1 _aОрлова
_bБ.
_gБэлла
_4220
801 0 _aRU
_bNLR
_gpsbo
801 1 _aRU
_bELAR
_2rusmarc
852 _aNLR
_bОНЛ
852 _aNLR
_jОНЛ
942 _cBOOK
980 _aNB